| 000 | 00715nam a2200253Ia 4500 | ||
|---|---|---|---|
| 001 | 33488 | ||
| 005 | 20240114001649.0 | ||
| 007 | ta | ||
| 008 | 061222s1939 a g b000 u 465 u | ||
| 040 | _aCotton College,Assam | ||
| 041 | _a465 | ||
| 082 |
_a891.69 _bSi 64 P |
||
| 100 | _aSingh, Jogendra . | ||
| 245 | 0 |
_aThe Persian Mystics: The Inovations of Sheikh Abdullah Ansari of Heart (1005- 1090) / _cJogendra Singh. _hTextual Documents |
|
| 250 | _a1st ed. / | ||
| 260 |
_aLondon : _bJohn Murray , _c1939. |
||
| 300 |
_a59p. : _bill ; _c18cm . |
||
| 653 | _aPersian Mystics | ||
| 653 | _aMystics-Persian | ||
| 653 | _aG-Bengali | ||
| 942 |
_2ddc _cBK |
||
| 999 |
_c33470 _d33470 |
||